Logo BPK

Biblioteka

Politechniki Koszalińskiej

Fiziceskaja elektronika / (Rekord nr 27150)

Szczegóły MARC
000 -ETYKIETA REKORDU
podpole kontrolne o stałej długości 00479nam a2200181 i 4500
001 - NUMER KONTROLNY REKORDU
pole kontrolne bg
040 ## - ŹRÓDŁO KATALOGOWANIA
Instytucja, która utworzyła rekord BPK
041 ## - KOD JĘZYKA
Kod języka tekstu pol
080 ## - UNIWERSALNA KLASYFIKACJA DZIESIĘTNA - UKD
UKD 537
008 - POLE O STAŁEJ DŁUGOŚCI - DANE KONTROLNE
podpole kontrolne o stałej długości s pl f |000 0 pol
245 #0 - TYTUŁ/ODPOWIEDZIALNOŚĆ
Tytuł Fiziceskaja elektronika /
Pozostałe elementy strefy tytułu i oznaczenia odpowiedzialności [Red. Angievskij A. N.].
250 ## - STREFA WYDANIA
Oznaczenie wydania Vyp. 7.
260 ## - STREFA ADRESU WYDAWNICZEGO
Miejsce wydania L'vov :
Nazwa wydawcy/dystrybutora Izdat. "Visca Skola",
Data publikacji, dystrybucji/powstania dokumentu 1974.
300 ## - STREFA OPISU FIZYCZNEGO
Objętość s. 91, nlb., 1 :
Inne cechy fizyczne tab., rys., ilustr.
504 ## - UWAGA DOTYCZĄCA BIBLIOGRAFII
Informacje o bibliografii [Zawiera bibliogr.].
700 1# - HASŁO DODATKOWE - NAZWA OSOBOWA
Nazwa osobowa ANGIEVSKIJ, A. N.
Określenie związku między hasłem a opisywanym materiałem Red.
942 ## - DODATKOWE ELEMENTY (KOHA)
Typ dokumentu Książka
Egzemplarze
Wycofany Status egzemplarza Uszkodzony Dostępność Lokalizacja stała Lokalizacja bieżąca Miejsce przechowywania Sygnatura Kod kreskowy Typ dokumentu
      Dostępny Biblioteka Politechniki Koszalińskiej Biblioteka Politechniki Koszalińskiej Wypożyczalnia BG 18969 01702323 Książka
© 2023 Biblioteka Politechniki Koszalińskiej :: KOHA